000
00339nam a2200157Ia 4500
003
0STCL
008
150530s9999 xx 000 0 und d
040
_a
STCL
_c
STCL
100
_a
George Herbert Perris; Ed
245
_a
Emerson
260
_c
1910
546
_a
English
942
_2
ddc
_c
BK
999
_c
52217
_d
52217
005
20220125170855.0